| 000 | 00724nam a22001937a 4500 | ||
|---|---|---|---|
| 999 |
_c184026 _d184026 |
||
| 005 | 20220111122930.0 | ||
| 010 | _aUR-11393 | ||
| 020 |
_c800.00 _a9789390789450 |
||
| 035 | _aU-9948 | ||
| 037 |
_bDBAD/PUB _adpl |
||
| 082 | _a270.54 | ||
| 100 | _aصا بر علی سيو ا نی | ||
| 245 |
_aتد و ين متن کی ر و ا يت آ ز ا د ی کے بعد _cصا بر علی سيو ا نی |
||
| 246 |
_bTadveen-e-Matan Ki Rewayat Azadi Ke Baad (Urdu) _aby Sabir Ali Siwani |
||
| 260 |
_aDelhi _bEducational Publishing House _c2021 ء |
||
| 270 |
_a3191,Vakil Street, Kucha Pandit,Lal Kuan, _bDelhi _e110006 _k23216162 _l- |
||
| 300 |
_a832 ص _c22 Cm(Hb) |
||
| 942 |
_2ddc _cUR _h270.54 _mص ا ب |
||